| 000 | 00471nam a22001697a 4500 | ||
|---|---|---|---|
| 999 |
_c160434 _d160434 |
||
| 005 | 20190129152106.0 | ||
| 010 | _aB-027358 | ||
| 020 |
_a8172145268 _c65.00 |
||
| 035 | _aB-027358 | ||
| 037 | _bISPCK, Delhi | ||
| 082 | _a306.1 | ||
| 100 | _aJeyaseelan, L. | ||
| 245 |
_aTowards a counter-culture: _bsebastian kappen's contribution / _cL. Jeyaseelan |
||
| 260 |
_aDelhi _bISPCK _c1999 |
||
| 300 |
_a112p. _c22ccm(pbk) |
||
| 942 |
_2ddc _cEN _h306.1 _mJEY |
||